Einstein’s universe

This brilliantly written book unlocks the astounding implications of Einstein's revolutionary theories on the nature of science, time and motion. It far surpasses any previous explanation of Relativity for laymen.

Guardat en:
Dades bibliogràfiques
Autor principal: Calder, Nigel
Format: Llibre
Idioma:Undetermined
Publicat: New York Viking Press 1979
Matèries:
Etiquetes: Afegir etiqueta
Sense etiquetes, Sigues el primer a etiquetar aquest registre!
Thư viện lưu trữ: Trung tâm Học liệu Trường Đại học Cần Thơ
LEADER 00692nam a2200193Ia 4500
001 CTU_97919
008 210402s9999 xx 000 0 und d
082 |a 521 
082 |b C146 
100 |a Calder, Nigel 
245 0 |a Einstein’s universe 
245 0 |c Nigel Calder 
260 |a New York 
260 |b Viking Press 
260 |c 1979 
520 |a This brilliantly written book unlocks the astounding implications of Einstein's revolutionary theories on the nature of science, time and motion. It far surpasses any previous explanation of Relativity for laymen. 
650 |a Astrophysics,Relativity 
904 |i Hiếu 
980 |a Trung tâm Học liệu Trường Đại học Cần Thơ